[Event "GER-ch U25-B"]
[Site "Willingen"]
[Date "2017.06.05"]
[Round "3"]
[White "Schoenweiler, Elisabeth"]
[Black "Braeutigam, Alexander"]
[Result "1-0"]
[WhiteElo "1247"]
[BlackElo "1039"]
[PlyCount "157"]
[EventDate "2017.06.04"]
[EventType "swiss"]
[EventRounds "9"]
[EventCountry "GER"]
[SourceTitle "CBM 178 Extra"]
[Source "ChessBase"]
[SourceDate "2017.06.22"]
[SourceVersion "1"]
[SourceVersionDate "2017.06.22"]
[SourceQuality "1"]

1. e4 c5 2. Nc3 Nc6 3. f4 d6 4. Nf3 Nf6 5. d3 g6 6. g3 Bg7 7. Bg2 0-0 8. 0-0 Bd7 9. Bd2 e6 10. Re1 Qb6 11. Qc1 Rfe8 12. Kh1 d5 13. e5 Ng4 14. h3 Nh6 15. Kh2 Nf5 16. Nd1 Ncd4 17. c3 Nxf3+ 18. Bxf3 Bb5 19. Nf2 Qa6 20. Qc2 d4 21. c4 Bc6 22. Bxc6 Qxc6 23. Ne4 Qc7 24. b3 b6 25. Re2 a6 26. a4 a5 27. Rf1 Ra7 28. Rff2 Rb7 29. Rf1 Rd8 30. Rff2 h6 31. Rf1 Kh7 32. g4 Ne7 33. Nd6 Rbb8 34. Nxf7 Rf8 35. Nd6 Nc6 36. Ree1 Nxe5 37. Nb5 Qc6 38. fxe5 Bxe5+ 39. Kg1 Rxf1+ 40. Rxf1 Re8 41. Bf4 Bxf4 42. Rxf4 Qd7 43. Qf2 Re7 44. Qf1 Rg7 45. Rf2 Qe7 46. Qe2 Qh4 47. Kg2 Qe7 48. Qe5 Qb7+ 49. Kg1 Qe7 50. Rf6 Rf7 51. Rxf7+ Qxf7 52. Qc7 Qxc7 53. Nxc7 e5 54. Nd5 e4 55. dxe4 d3 56. Kf2 d2 57. Ke2 Kg7 58. Kxd2 Kf7 59. Ke3 Ke6 60. Nxb6 g5 61. Nd5 Ke5 62. Nc3 Kf6 63. Ne2 Ke5 64. Ng3 Ke6 65. Nf5 Ke5 66. Nxh6 Kf6 67. Nf5 Ke5 68. h4 gxh4 69. Nxh4 Ke6 70. g5 Kf7 71. g6+ Kg7 72. Kf4 Kf6 73. e5+ Ke6 74. g7 Kf7 75. Nf5 Kg8 76. e6 Kh7 77. e7 Kg8 78. e8Q+ Kh7 79. g8Q# 1-0

[Event "GER-ch U10"]
[Site "Magdeburg"]
[Date "2014.06.11"]
[Round "7"]
[White "Englert, Jon"]
[Black "Schoenweiler, Elisabeth"]
[Result "1-0"]
[WhiteElo "1375"]
[BlackElo "1217"]
[PlyCount "105"]
[EventDate "2014.06.08"]
[EventType "swiss"]
[EventRounds "11"]
[EventCountry "GER"]
[SourceTitle "CBM 160 Extra"]
[Source "ChessBase"]
[SourceDate "2014.07.01"]
[SourceVersion "1"]
[SourceVersionDate "2014.07.01"]
[SourceQuality "1"]

1. e4 c5 2. Nf3 d6 3. d4 cxd4 4. Nxd4 Nf6 5. Nc3 g6 6. f3 Bg7 7. Be3 Nc6 8. Bb5 Bd7 9. Qd2 0-0 10. Bxc6 bxc6 11. g4 c5 12. Nde2 Qb6 13. b3 Bc6 14. Bh6 Rfd8 15. Bxg7 Kxg7 16. g5 Nd7 17. Qe3 Rab8 18. h4 f6 19. h5 Rh8 20. Nd5 Bxd5 21. exd5 Rbe8 22. h6+ Kf8 23. f4 f5 24. Qc3 e5 25. dxe6 Qb4 26. Qxb4 cxb4 27. exd7 Rd8 28. 0-0-0 Rxd7 29. Rd4 a5 30. Rd5 Kf7 31. Rhd1 Re8 32. R1d2 Re6 33. Rxa5 d5 34. Kd1 Red6 35. Rb5 d4 36. Rxb4 d3 37. Rxd3 Rxd3+ 38. cxd3 Rxd3+ 39. Kc2 Re3 40. Kd2 Re7 41. Rd4 Ra7 42. a4 Rb7 43. b4 Ra7 44. a5 Ra8 45. Rd7+ Kg8 46. Rd6 Rb8 47. Rb6 Rd8+ 48. Ke3 Re8+ 49. Kf3 Kf8 50. a6 Re7 51. Rb7 Re4 52. a7 Re8 53. Rb8 1-0

[Event "GER-ch U10"]
[Site "Magdeburg"]
[Date "2014.06.08"]
[Round "1"]
[White "Nguyen, Alex Dac Vuong"]
[Black "Schoenweiler, Elisabeth"]
[Result "0-1"]
[WhiteElo "1645"]
[BlackElo "1217"]
[PlyCount "52"]
[EventDate "2014.06.08"]
[EventType "swiss"]
[EventRounds "11"]
[EventCountry "GER"]
[SourceTitle "CBM 160 Extra"]
[Source "ChessBase"]
[SourceDate "2014.07.01"]
[SourceVersion "1"]
[SourceVersionDate "2014.07.01"]
[SourceQuality "1"]

1. e4 c5 2. Nf3 d6 3. d4 cxd4 4. Nxd4 Nf6 5. Nc3 g6 6. Be3 Bg7 7. f3 0-0 8. Qd2 Nc6 9. 0-0-0 Nxd4 10. Bxd4 Be6 11. Kb1 Qc7 12. h4 h5 13. g4 Rfc8 14. gxh5 Nxh5 15. Bxg7 Kxg7 16. Bh3 Bxh3 17. Rxh3 Rh8 18. f4 Raf8 19. f5 Qc8 20. Rhh1 Qc6 21. Rdg1 Rfg8 22. Qd4+ f6 23. Nd5 Kf8 24. Rxg6 Rg7 25. Rhg1 Qc5 26. Qa4 Qxg1+ 0-1

[Event "GER-ch U10"]
[Site "Magdeburg"]
[Date "2014.06.08"]
[Round "2"]
[White "Schoenweiler, Elisabeth"]
[Black "Wu, Luka"]
[Result "0-1"]
[WhiteElo "1217"]
[BlackElo "1433"]
[PlyCount "106"]
[EventDate "2014.06.08"]
[EventType "swiss"]
[EventRounds "11"]
[EventCountry "GER"]
[SourceTitle "CBM 160 Extra"]
[Source "ChessBase"]
[SourceDate "2014.07.01"]
[SourceVersion "1"]
[SourceVersionDate "2014.07.01"]
[SourceQuality "1"]

1. e4 e5 2. Bc4 Nf6 3. d3 Bc5 4. f4 d6 5. f5 b6 6. Nf3 Ba6 7. Bxa6 Nxa6 8. c3 b5 9. Qe2 c6 10. Be3 Qb6 11. Bxc5 Nxc5 12. h3 a5 13. Nbd2 Ncd7 14. Qf2 Qxf2+ 15. Kxf2 Nc5 16. Ke3 h6 17. d4 Ncd7 18. g4 0-0-0 19. Rhe1 Rhe8 20. Kf2 g6 21. Re2 c5 22. dxe5 Nxe5 23. Nxe5 dxe5 24. Nb3 Rd3 25. Re3 c4 26. Rxd3 cxd3 27. Ke3 gxf5 28. gxf5 a4 29. Nc5 Rg8 30. Kf3 Nh5 31. Nxd3 Rg3+ 32. Ke2 Rg2+ 33. Ke3 Rg3+ 34. Ke2 Nf4+ 35. Nxf4 exf4 36. Rf1 Re3+ 37. Kd2 Rxe4 38. Re1 Rxe1 39. Kxe1 Kd7 40. Kf2 Kd6 41. Kf3 Ke5 42. b3 Kxf5 43. bxa4 bxa4 44. c4 Ke5 45. c5 Kd5 46. c6 Kxc6 47. Kxf4 Kc5 48. Ke3 Kc4 49. Kd2 f5 50. Ke3 Kc3 51. Kf4 Kb2 52. Kxf5 Kxa2 53. Ke4 Kb2 0-1

[Event "GER-chT U10"]
[Site "Magdeburg"]
[Date "2013.12.28"]
[Round "4.3"]
[White "Schoenweiler, Elisabeth"]
[Black "Kracht, Raphael"]
[Result "1/2-1/2"]
[WhiteElo "966"]
[BlackElo "1041"]
[PlyCount "59"]
[EventDate "2013.12.27"]
[EventType "team-swiss"]
[EventRounds "5"]
[EventCountry "GER"]
[SourceTitle "EXT 2015"]
[Source "ChessBase"]
[SourceDate "2014.11.20"]
[SourceVersion "1"]
[SourceVersionDate "2014.11.20"]
[SourceQuality "1"]
[WhiteTeam "Luebeck"]
[BlackTeam "Brackel"]
[WhiteTeamCountry "GER"]
[BlackTeamCountry "GER"]

1. e4 c5 2. Nf3 d6 3. Bc4 Nc6 4. Nc3 e6 5. d3 Nf6 6. Bg5 Be7 7. 0-0 0-0 8. Ne2 h6 9. Be3 e5 10. h3 a6 11. Ng3 b5 12. Bb3 a5 13. a3 d5 14. exd5 Nxd5 15. Re1 Be6 16. Qe2 Nd4 17. Bxd4 exd4 18. Bxd5 Qxd5 19. Qd2 Rfe8 20. Re5 Qc6 21. Rae1 Bd6 22. R5e4 Bxg3 23. fxg3 Bd5 24. Rxe8+ Rxe8 25. Rxe8+ Qxe8 26. Qxa5 b4 27. Qxc5 Bxf3 28. gxf3 Qe1+ 29. Kg2 Qe2+ 30. Kg1 1/2-1/2

[Event "GER-chT U10"]
[Site "Magdeburg"]
[Date "2012.12.27"]
[Round "2.3"]
[White "Schoenweiler, Elisabeth"]
[Black "Indilewitsch, Marie Claire"]
[Result "1-0"]
[WhiteElo "905"]
[BlackElo "919"]
[PlyCount "83"]
[EventDate "2012.12.27"]
[EventType "team-swiss"]
[EventRounds "7"]
[EventCountry "GER"]
[SourceTitle "EXT 2014"]
[Source "ChessBase"]
[SourceDate "2013.11.20"]
[SourceVersion "1"]
[SourceVersionDate "2013.11.20"]
[SourceQuality "1"]
[WhiteTeam "Luebeck"]
[BlackTeam "Berlin Schachpinguine"]
[WhiteTeamCountry "GER"]
[BlackTeamCountry "GER"]

1. e4 e5 2. Nf3 Nc6 3. Bc4 Nf6 4. Nc3 Bc5 5. d3 d6 6. Bg5 h6 7. Bh4 g5 8. Bg3 Be6 9. Bb3 Bg4 10. h3 Bh5 11. h4 Nd4 12. hxg5 hxg5 13. Ba4+ c6 14. a3 Qd7 15. Qd2 Nxf3+ 16. gxf3 0-0-0 17. 0-0-0 Rhg8 18. Qe2 g4 19. fxg4 Bxg4 20. f3 Bh5 21. Bf2 Rg2 22. Rdf1 d5 23. exd5 Nxd5 24. Rxh5 Be3+ 25. Kb1 Nf4 26. Qxe3 Nxh5 27. Qxa7 Rdg8 28. Bb6 Qc7 29. Bxc7 Kxc7 30. Qa5+ b6 31. Qxe5+ Kc8 32. Qxh5 Re8 33. Qxf7 Kd8 34. Bxc6 Re7 35. Qc4 Rgg7 36. Nd5 Ra7 37. Rh1 Rg8 38. Qe4 Rag7 39. Rh7 Rf8 40. Rxg7 Kc8 41. Qe7 Kb8 42. Qb7# 1-0

[Event "GER-ch U10"]
[Site "Oberhof"]
[Date "2012.05.31"]
[Round "8"]
[White "Schoenweiler, Elisabeth"]
[Black "Kurz, Annika"]
[Result "1/2-1/2"]
[WhiteElo "832"]
[BlackElo "881"]
[PlyCount "41"]
[EventDate "2012.05.27"]
[EventType "swiss"]
[EventRounds "11"]
[EventCountry "GER"]
[SourceTitle "CBM 148 Extra"]
[Source "ChessBase"]
[SourceDate "2012.06.22"]
[SourceVersion "1"]
[SourceVersionDate "2012.06.22"]
[SourceQuality "1"]

1. e4 e5 2. Nf3 Nc6 3. Bc4 Bc5 4. Nc3 Nf6 5. d3 d6 6. h3 h6 7. Be3 Bb6 8. Qd2 Be6 9. Bb3 Qd7 10. Qe2 0-0-0 11. 0-0-0 Rhe8 12. Bxb6 cxb6 13. Rhe1 Bxb3 14. cxb3 Re6 15. Qc2 Rde8 16. Rd2 Kd8 17. Red1 Nb4 18. Qb1 Qc8 19. a3 Na6 20. Rc2 Qd7 21. d4 1/2-1/2

[Event "GER-ch U10"]
[Site "Oberhof"]
[Date "2012.05.28"]
[Round "3"]
[White "Hovhannisyan, Artur"]
[Black "Schoenweiler, Elisabeth"]
[Result "1-0"]
[WhiteElo "961"]
[BlackElo "832"]
[PlyCount "109"]
[EventDate "2012.05.27"]
[EventType "swiss"]
[EventRounds "11"]
[EventCountry "GER"]
[SourceTitle "CBM 148 Extra"]
[Source "ChessBase"]
[SourceDate "2012.06.22"]
[SourceVersion "1"]
[SourceVersionDate "2012.06.22"]
[SourceQuality "1"]

1. d4 d5 2. c4 Nf6 3. Nc3 dxc4 4. e4 Bg4 5. f3 Bd7 6. Bxc4 e6 7. Nge2 Be7 8. e5 Nd5 9. Nxd5 exd5 10. Bxd5 Nc6 11. Be3 Qc8 12. Nc3 Bh4+ 13. g3 Be7 14. Qd2 Bf8 15. 0-0-0 Qd8 16. Kb1 a6 17. Rhf1 b5 18. a3 Rb8 19. Bxc6 Bxc6 20. d5 Bd7 21. e6 fxe6 22. Bg5 Qc8 23. Rfe1 Be7 24. Bxe7 Kxe7 25. Qg5+ Kf8 26. dxe6 Bxe6 27. Nd5 Qd8 28. Qxd8+ Rxd8 29. Rxe6 c6 30. Rxc6 Ke8 31. Nc7+ Ke7 32. Rxd8 Rxd8 33. Nxa6 Rd1+ 34. Ka2 Rh1 35. Rc2 Rg1 36. f4 Rd1 37. Rc5 Rd6 38. Nb4 Rb6 39. Nd5+ Kd6 40. Nxb6 Kxc5 41. Nd7+ Kc6 42. Ne5+ Kd5 43. b4 Kd6 44. Kb3 Kc7 45. a4 Kb6 46. axb5 Kxb5 47. Ka3 g6 48. h4 Kb6 49. Ka4 Ka6 50. b5+ Kb6 51. Kb4 Kb7 52. Ka5 Kc7 53. Ka6 Kb8 54. b6 Kc8 55. Ka7 1-0

[Event "GER-ch U10"]
[Site "Oberhof"]
[Date "2012.05.27"]
[Round "2"]
[White "Schoenweiler, Elisabeth"]
[Black "Haag, Lea"]
[Result "0-1"]
[WhiteElo "832"]
[BlackElo "1011"]
[PlyCount "102"]
[EventDate "2012.05.27"]
[EventType "swiss"]
[EventRounds "11"]
[EventCountry "GER"]
[SourceTitle "CBM 148 Extra"]
[Source "ChessBase"]
[SourceDate "2012.06.22"]
[SourceVersion "1"]
[SourceVersionDate "2012.06.22"]
[SourceQuality "1"]

1. e4 e5 2. Nf3 Nc6 3. Bc4 Be7 4. Nc3 Nf6 5. d3 d6 6. h3 Be6 7. Bb3 0-0 8. Bg5 Nxe4 9. Bxe7 Nxc3 10. Bxd8 Nxd1 11. Rxd1 Raxd8 12. 0-0 Bxb3 13. axb3 Rfe8 14. Rfe1 Nd4 15. Nxd4 exd4 16. Rxe8+ Rxe8 17. Ra1 a6 18. Ra4 c5 19. b4 Rc8 20. c3 dxc3 21. bxc3 cxb4 22. Rxb4 Rc7 23. Re4 Kf8 24. c4 Re7 25. Kf1 Rxe4 26. dxe4 Ke7 27. Ke1 Ke6 28. Kd2 Ke5 29. Kd3 b5 30. f3 bxc4+ 31. Kxc4 a5 32. Kb5 d5 33. exd5 Kxd5 34. Kxa5 Kd4 35. Kb6 Ke3 36. Kc6 Kf2 37. Kd6 Kxg2 38. Ke7 Kxh3 39. Kxf7 h5 40. Kxg7 h4 41. f4 Kg4 42. f5 Kxf5 43. Kh6 h3 44. Kg7 h2 45. Kf7 h1Q 46. Ke7 Qc6 47. Kf7 Qf6+ 48. Ke8 Qg7 49. Kd8 Qb7 50. Ke8 Ke6 51. Kf8 Qf7# 0-1